| 000 | 01421cim a2200373 a 4500 | ||
|---|---|---|---|
| 999 |
_c529555 _d529555 |
||
| 001 | 5628252 | ||
| 003 | NUST | ||
| 005 | 20190927152014.0 | ||
| 007 | ssulunjlcnnnu | ||
| 008 | 910814s1990 njunnn r i eng | ||
| 010 | _a 91740606 | ||
| 020 | _a0138525757 | ||
| 038 | _awaseem | ||
| 040 |
_aDLC _cDLC |
||
| 050 | 1 | 0 | _aRA785 |
| 050 | 0 | 0 | _aRZA 1792 |
| 082 |
_a155.9042 _bMIC |
||
| 245 | 0 | 4 |
_aThe Stress management program _h[sound recording] / _cthe Petrie Method, Inc. |
| 260 |
_aEnglewood Cliffs, NJ : _bPrentice Hall Audio, Business & Professional Division, _cp1990. |
||
| 300 |
_a4 sound cassettes (3 hr., 35 min.) : _banalog + _e1 workbook (24 p. : ill. ; 23 cm.) |
||
| 306 | _a033500 | ||
| 500 | _aTitle from narration: The stress management hypnosis program. | ||
| 500 | _aIn container (25 cm.) | ||
| 511 | 0 | _aWorkbook prepared by and cassettes narrated by Jerome Michaels. | |
| 520 | _aPresents an interactive program designed to help the listener eliminate anger more easily and deal with everyday situations through the use of hypnosis. | ||
| 650 | 0 |
_aStress management. _94303 |
|
| 650 | 0 |
_aAnger _xPrevention. _921821 |
|
| 650 | 0 |
_aHypnotism _xTherapeutic use. _921822 |
|
| 700 | 1 |
_aMichaels, Jerome. _4nrt _921823 |
|
| 710 | 2 |
_aPetrie Method, Inc. _921824 |
|
| 740 | 0 | _aStress management hypnosis program. | |
| 906 |
_a7 _bcbc _corignew _d2 _encip _f19 _gy-genmusic |
||
| 942 |
_2ddc _cBK |
||